Statistics for Europe Flags Map Quiz

Click here to take the quiz!

General Stats

  • This quiz has been taken 48,536 times
  • The average score is 29 of 45

Answer Stats

Answer % Correct
United Kingdom
96%
France
93%
Spain
92%
Ireland
92%
Italy
91%
Greece
90%
Germany
87%
Portugal
83%
Sweden
83%
Finland
82%
Switzerland
81%
Norway
81%
Russia
81%
Denmark
79%
Iceland
78%
Belgium
77%
Ukraine
72%
Netherlands
71%
Poland
69%
Austria
68%
Czech Republic
65%
Estonia
65%
Vatican City
64%
Croatia
63%
Albania
60%
Luxembourg
57%
Kosovo
54%
Latvia
53%
Belarus
53%
Romania
53%
Macedonia
53%
Malta
51%
Hungary
50%
San Marino
50%
Slovakia
50%
Bosnia and Herzegovina
50%
Monaco
49%
Lithuania
48%
Serbia
46%
Slovenia
45%
Liechtenstein
45%
Bulgaria
45%
Andorra
43%
Montenegro
40%
Moldova
40%

Score Distribution

Percentile by Number Answered

Percent of People with Each Score

Your Score History

You have not taken this quiz